000 00675nam a2200181Ia 4500
008 090124s9999 xx 000 0 und d
082 _b29786
100 _aजोंधळे महावीर
245 _a नाल नसलेल्या घोड्याचा मालक
250 _a0
260 _bअनुपम प्रकाशन
300 _a100
600 _aजोंधळे महावीर
630 _a नाल नसलेल्या घोड्याचा मालक
700 _aजोंधळे महावीर
730 _a नाल नसलेल्या घोड्याचा मालक
942 _cBOOK
999 _c94825
_d94825